| 000 | 01104nam a2200229Ia 4500 | ||
|---|---|---|---|
| 003 | Ost | ||
| 005 | 20260507075030.0 | ||
| 008 | 260507s9999||||xx |||||||||||||| ||und|| | ||
| 020 | _a4071029957 | ||
| 040 | _cfsecg | ||
| 041 | _aara | ||
| 082 | _a330 | ||
| 100 |
_aالقطامين، أحمد _eمؤلف |
||
| 245 | 0 |
_aالإدارة الإستراتيجية : _bمفاهيم وحالات تطبيقية / _c أحمد القطامين |
|
| 260 |
_aعمان: _bدار مجدلاوي للنشر والتوزيع, _c2002 |
||
| 300 |
_a375 صفحة؛ _bإيضاحات ؛ _c24 سم |
||
| 520 | _aنماذج الإدارة الإستراتيجية، الإدارة العليا، التحليل الإستراتيجي، التخطيط الإستراتيجي، تحليل وإختيار البدائل الإستراتيجية، مرحلة التنفيذ الإستراتيجي، الرقابة الإستراتيجية، الحالات التطبيقية | ||
| 653 | _aالإدارة | ||
| 653 | _aالإدارة العليا | ||
| 653 | _aالإستراتيجية- الإدارة | ||
| 942 | _cكتاب | ||
| 999 |
_c42383 _d42383 |
||